000
00271nam a22001217a 4500
008
181015b xxu||||| |||| 00| 0 eng d
041
_a
eng
080
_a
159.9
100
_a
49
101
_a
psi
245
_a
Clinical Psychology Rewiev
_c
Julie.B.S
942
_2
udc
_c
BK
999
_c
49786
_d
49786